000 00822nam a22002057a 4500
003 SISC
005 20170615162055.0
008 150511b xxu||||| |||| 00| 0 eng d
020 _a9781619974463
050 _aPE 1408.ELA7 C734.TM 2013
245 _aCommon core coach, english language arts 7 : teachers manual
250 _a1st edition
260 _aNew York :
_bTriumph Learning,
_cc2013
300 _aiii, 207 pages :
_bcolored illustrations ;
_c27 cm.
440 _aCommon core coach
650 _2Library of Congress Subject Headings
_aEnglish language
_xProblems, exercises, etc.
650 _2Library of Congress Subject Headings
_aEnglish language
_xStudy and teaching (Elementary)
942 _2lcc
_cBK
999 _c283943
_d283943